<?xml version="1.0" encoding="UTF-8"?>
<record
    xmlns:xsi="http://www.w3.org/2001/XMLSchema-instance"
    xsi:schemaLocation="http://www.loc.gov/MARC21/slim http://www.loc.gov/standards/marcxml/schema/MARC21slim.xsd"
    xmlns="http://www.loc.gov/MARC21/slim">

  <leader>02093njm a2200409Ia 4500</leader>
  <controlfield tag="001">27366</controlfield>
  <controlfield tag="003">IT-RoPAU</controlfield>
  <controlfield tag="005">20220918181111.0</controlfield>
  <controlfield tag="008">131025s9999    xx            000 0 und d</controlfield>
  <datafield tag="040" ind1=" " ind2=" ">
    <subfield code="a">IT-RoPAU</subfield>
  </datafield>
  <datafield tag="040" ind1=" " ind2=" ">
    <subfield code="c">IT-RoPAU</subfield>
  </datafield>
  <datafield tag="041" ind1=" " ind2=" ">
    <subfield code="a">ITALIANO</subfield>
  </datafield>
  <datafield tag="999" ind1=" " ind2=" ">
    <subfield code="c">99007</subfield>
    <subfield code="d">99007</subfield>
  </datafield>
  <datafield tag="999" ind1=" " ind2=" ">
    <subfield code="b">n.d.</subfield>
  </datafield>
  <datafield tag="100" ind1=" " ind2=" ">
    <subfield code="a">AA.VV.</subfield>
    <subfield code="9">794</subfield>
  </datafield>
  <datafield tag="100" ind1=" " ind2=" ">
    <subfield code="e">Autore musica</subfield>
    <subfield code="9">17775</subfield>
  </datafield>
  <datafield tag="100" ind1=" " ind2=" ">
    <subfield code="g">Codice autore musica SPICS: 12000</subfield>
    <subfield code="9">796</subfield>
  </datafield>
  <datafield tag="245" ind1=" " ind2=" ">
    <subfield code="a">Passaggio da oriente</subfield>
  </datafield>
  <datafield tag="250" ind1=" " ind2=" ">
    <subfield code="a">1a ed.</subfield>
  </datafield>
  <datafield tag="260" ind1=" " ind2=" ">
    <subfield code="a">MILANO</subfield>
  </datafield>
  <datafield tag="260" ind1=" " ind2=" ">
    <subfield code="b">EMI ITALIANA</subfield>
    <subfield code="c">1985 [1a Ed.:1985 - Ed. Lingua Orig.: 1985]</subfield>
  </datafield>
  <datafield tag="300" ind1=" " ind2=" ">
    <subfield code="a">DISCO</subfield>
  </datafield>
  <datafield tag="300" ind1=" " ind2=" ">
    <subfield code="c">37 minuti (Testo:  pag.)</subfield>
  </datafield>
  <datafield tag="500" ind1=" " ind2=" ">
    <subfield code="a">Canzone italiana</subfield>
  </datafield>
  <datafield tag="505" ind1=" " ind2=" ">
    <subfield code="a">You Know What I mean (5:00) - Guru Guru He (5:00) - Andalouse (5:00) - No jazz (4:00) - Radio Africa-A A Ammesso e non concesso (5:00) - E fatto 'e sorde! E?-Money Money (6:00) - Luna nova (5:00) - Eastern passage (5:00)</subfield>
  </datafield>
  <datafield tag="650" ind1=" " ind2=" ">
    <subfield code="a">CANZONE ITALIAN [DISCHI]</subfield>
    <subfield code="e">Codice MATERIA SPICS: 9950</subfield>
    <subfield code="9">17776</subfield>
  </datafield>
  <datafield tag="700" ind1=" " ind2=" ">
    <subfield code="a">De Piscopo Tullio</subfield>
    <subfield code="e">Autore musica</subfield>
    <subfield code="g">Codice autore musica SPICS: 11419</subfield>
    <subfield code="9">17777</subfield>
  </datafield>
  <datafield tag="700" ind1=" " ind2=" ">
    <subfield code="a">De Piscopo Tullio</subfield>
    <subfield code="g">Codice interprete SPICS: 11419</subfield>
    <subfield code="e">Interprete</subfield>
    <subfield code="9">17778</subfield>
  </datafield>
  <datafield tag="700" ind1=" " ind2=" ">
    <subfield code="a">Rustici Corrado</subfield>
    <subfield code="g">Codice autore SPICS: 23937</subfield>
    <subfield code="e">Autore</subfield>
    <subfield code="p">You Know What I mean - Eastern passage</subfield>
    <subfield code="9">17780</subfield>
  </datafield>
  <datafield tag="700" ind1=" " ind2=" ">
    <subfield code="a">Trampetti</subfield>
    <subfield code="g">Codice autore testo/musica SPICS: 28238</subfield>
    <subfield code="e">Autore testo/musica</subfield>
    <subfield code="p">You Know What I mean - Guru Guru He</subfield>
    <subfield code="9">17781</subfield>
  </datafield>
  <datafield tag="700" ind1=" " ind2=" ">
    <subfield code="a">Boriolo</subfield>
    <subfield code="g">Codice autore SPICS: 28239</subfield>
    <subfield code="e">Autore</subfield>
    <subfield code="p">Guru Guru He</subfield>
    <subfield code="9">17782</subfield>
  </datafield>
  <datafield tag="700" ind1=" " ind2=" ">
    <subfield code="a">Nicolosi G.</subfield>
    <subfield code="g">Codice autore musica SPICS: 26746</subfield>
    <subfield code="e">Autore musica</subfield>
    <subfield code="p">Andalouse - Radio Africa-A A Ammesso e non concesso</subfield>
    <subfield code="9">17783</subfield>
  </datafield>
  <datafield tag="700" ind1=" " ind2=" ">
    <subfield code="a">Ricciardelli Margherita</subfield>
    <subfield code="g">Codice autore testo/musica SPICS: 28240</subfield>
    <subfield code="e">Autore testo/musica</subfield>
    <subfield code="p">Andalouse - Luna nova</subfield>
    <subfield code="9">17784</subfield>
  </datafield>
  <datafield tag="700" ind1=" " ind2=" ">
    <subfield code="a">Di Franco</subfield>
    <subfield code="g">Codice autore testo/musica SPICS: 20743</subfield>
    <subfield code="e">Autore testo/musica</subfield>
    <subfield code="p">Radio Africa-A A Ammesso e non concesso</subfield>
    <subfield code="9">17785</subfield>
  </datafield>
  <datafield tag="700" ind1=" " ind2=" ">
    <subfield code="a">Volpe Massimo</subfield>
    <subfield code="g">Codice autore SPICS: 28241</subfield>
    <subfield code="e">Autore</subfield>
    <subfield code="p">Luna nova</subfield>
    <subfield code="9">17786</subfield>
  </datafield>
  <datafield tag="700" ind1=" " ind2=" ">
    <subfield code="a">Sancious David</subfield>
    <subfield code="g">Codice autore testo/musica SPICS: 25653</subfield>
    <subfield code="e">Autore testo/musica</subfield>
    <subfield code="p">Eastern passage</subfield>
    <subfield code="9">17787</subfield>
  </datafield>
  <datafield tag="942" ind1=" " ind2=" ">
    <subfield code="c">MD</subfield>
    <subfield code="2">ddc</subfield>
  </datafield>
  <datafield tag="952" ind1=" " ind2=" ">
    <subfield code="0">0</subfield>
    <subfield code="1">0</subfield>
    <subfield code="4">0</subfield>
    <subfield code="6">27366_000000000000000</subfield>
    <subfield code="7">1</subfield>
    <subfield code="a">SPICS</subfield>
    <subfield code="b">SPICS</subfield>
    <subfield code="d">2013-10-25</subfield>
    <subfield code="l">0</subfield>
    <subfield code="o">27366</subfield>
    <subfield code="r">2013-10-25 00:00:00</subfield>
    <subfield code="w">2013-10-25</subfield>
    <subfield code="y">MD</subfield>
    <subfield code="z">Progr. Ins.: 6923 / N.Vol.: 1 / Copie: 1 - Copia rara: n.d. / date import: 01.01.2014 - By Epidotti, Trombetti, Vaglietti</subfield>
  </datafield>
</record>
